000 00375nam a22001577a 4500
003 MACL
005 20160221111833.0
008 160221b xxu||||| |||| 00| 0 eng d
040 _cMACL
041 _aEnglish
082 _a007
245 _aSSC (Tier 2) Model Paper
260 _aNew Delhi
_bParamount Reader Publication
_c2014
650 _aG.K
_939333
942 _2ddc
_cBK
999 _c53363
_d53363